<?xml version="1.0" encoding="UTF-8"?>
<record
    xmlns:xsi="http://www.w3.org/2001/XMLSchema-instance"
    xsi:schemaLocation="http://www.loc.gov/MARC21/slim http://www.loc.gov/standards/marcxml/schema/MARC21slim.xsd"
    xmlns="http://www.loc.gov/MARC21/slim">

  <leader>00863cam a22002651  4500</leader>
  <controlfield tag="001">ne 64001051 </controlfield>
  <controlfield tag="003">DLC</controlfield>
  <controlfield tag="005">20260227111759.0</controlfield>
  <controlfield tag="008">870526m19629999le       b    000 0 araoc</controlfield>
  <datafield tag="010" ind1=" " ind2=" ">
    <subfield code="a">ne 64001051 </subfield>
  </datafield>
  <datafield tag="035" ind1=" " ind2=" ">
    <subfield code="a">(OCoLC)15730153</subfield>
  </datafield>
  <datafield tag="040" ind1=" " ind2=" ">
    <subfield code="a">Princeton Univ. Libr.</subfield>
    <subfield code="c">CU</subfield>
    <subfield code="d">DLC</subfield>
  </datafield>
  <datafield tag="042" ind1=" " ind2=" ">
    <subfield code="a">premarc</subfield>
  </datafield>
  <datafield tag="043" ind1=" " ind2=" ">
    <subfield code="a">f-ua---</subfield>
    <subfield code="a">a-sy---</subfield>
  </datafield>
  <datafield tag="050" ind1="0" ind2="0">
    <subfield code="a">DS98.2</subfield>
    <subfield code="b">.M86</subfield>
  </datafield>
  <datafield tag="100" ind1="1" ind2=" ">
    <subfield code="a">Munajjid, &#x1E62;al&#x101;&#x1E25; al-D&#x12B;n.</subfield>
  </datafield>
  <datafield tag="245" ind1="1" ind2="0">
    <subfield code="a">S&#x16B;r&#x12B;yah wa-Mi&#x1E63;r bayna al-wa&#x1E25;dah wa-al-infi&#x1E63;&#x101;l,</subfield>
    <subfield code="c">jama&#x2BB;ah&#x101; &#x1E62;al&#x101;&#x1E25; al-D&#x12B;n al-Munajjid.</subfield>
  </datafield>
  <datafield tag="260" ind1=" " ind2=" ">
    <subfield code="a">[Bayr&#x16B;t]</subfield>
    <subfield code="b">D&#x101;r al-Kit&#x101;b al-Jad&#x12B;d</subfield>
    <subfield code="c">1962-</subfield>
  </datafield>
  <datafield tag="300" ind1=" " ind2=" ">
    <subfield code="a">v.</subfield>
    <subfield code="c">20 cm.</subfield>
  </datafield>
  <datafield tag="490" ind1="1" ind2=" ">
    <subfield code="a">Wath&#x101;&#x2BC;iq wa-nu&#x1E63;&#x16B;&#x1E63;,</subfield>
    <subfield code="v">1-</subfield>
  </datafield>
  <datafield tag="504" ind1=" " ind2=" ">
    <subfield code="a">Bibliography: v. 1, p. 337.</subfield>
  </datafield>
  <datafield tag="651" ind1=" " ind2="0">
    <subfield code="a">Egypt</subfield>
    <subfield code="x">Politics and government.</subfield>
  </datafield>
  <datafield tag="651" ind1=" " ind2="0">
    <subfield code="a">Syria</subfield>
    <subfield code="x">Politics and government.</subfield>
  </datafield>
  <datafield tag="830" ind1=" " ind2="0">
    <subfield code="a">Wath&#x101;&#x2BC;iq wa-nu&#x1E63;&#x16B;&#x1E63; (Bayr&#x16B;t) ;</subfield>
    <subfield code="v">1.</subfield>
  </datafield>
  <datafield tag="999" ind1=" " ind2=" ">
    <subfield code="c">46949</subfield>
    <subfield code="d">46949</subfield>
  </datafield>
</record>
